अचूक आयुर्वैदिक नुस्खे / (Record no. 23943)

MARC details
000 -LEADER
fixed length control field 00862nam a22002177a 4500
005 - DATE AND TIME OF LATEST TRANSACTION
control field 20090217115210.0
008 - FIXED-LENGTH DATA ELEMENTS--GENERAL INFORMATION
fixed length control field 090217t xxu||||| |||| 00| 0 hin d
010 ## - LCCN (DPL NO)
LC control number HIN-45883
020 ## - INTERNATIONAL STANDARD BOOK NUMBER
Terms of availability 250.00
035 ## - SYSTEM CONTROL NUMBER
System control number HN-27244
037 ## - SOURCE OF ACQUISITION
Source of stock number/acquisition DBAD / PUB
040 ## - CATALOGING SOURCE
Original cataloging agency DPL
Language of cataloging HN
082 ## - DEWEY DECIMAL CLASSIFICATION NUMBER
Item number 615.52
100 ## - MAIN ENTRY--PERSONAL NAME
Personal name पाण्डेय, ज्ञानेन्द्र
245 ## - TITLE STATEMENT
Title अचूक आयुर्वैदिक नुस्खे /
Statement of responsibility, etc ज्ञानेन्द्र पाण्डेय
260 ## - PUBLICATION, DISTRIBUTION, ETC. (IMPRINT)
Place of publication, distribution, etc मथुरा
Name of publisher, distributor, etc भाषा भवन
Date of publication, distribution, etc 1999
270 ## - ADDRESS
City मथुरा
300 ## - PHYSICAL DESCRIPTION
Extent 223पृ.
Dimensions 20 सेमी
942 ## - ADDED ENTRY ELEMENTS (KOHA)
Source of classification or shelving scheme Dewey Decimal Classification
Item type Hindi Books
Call number suffix पाण्डेय
Holdings
Withdrawn status Lost status Source of classification or shelving scheme Damaged status Not for loan Home library Current library Date acquired Source of acquisition Cost, normal purchase price Total Checkouts Full call number Barcode Date last seen Copy number Cost, replacement price Koha item type
    Dewey Decimal Classification   Not For Loan D.B.Act.Division D.B.Act.Division 17/02/2009 DBAD / PUB 250.00   पाण्डेय HN-27244 17/02/2009 1 250.00 Hindi Books

© Delhi Public Library
Hit Counter
free hit counter